000 00441nam a22001817a 4500
003 MPLRDC
005 20220104114133.0
008 210129b ||||| |||| 00| 0 eng d
020 _a7-5610-2231-X
082 _a782.272 TY
100 _a佟悦、吕霁虹 合著
245 _a清宫皇子
_c
250 _a一版一刷
260 _a
_b辽宁大学出版社
_c1993
300 _b
650 _a中国传记
942 _cBK
_o782.272 TY
999 _c5108
_d5098